Flags of Caribbean - Statistics

General Stats
  • This quiz has been taken 187 times
  • The average score is 12 of 13
Answer Stats
Picture Answer % Correct
Jamaica
97%
Cuba
94%
Barbados
92%
Trinidad and Tobago
92%
Dominican Republic
91%
The Bahamas
91%
Haiti
90%
Antigua and Barbuda
89%
Saint Lucia
88%
Saint Kitts and Nevis
85%
Grenada
84%
Dominica
83%
Saint Vincent and the Grenadines
83%
No matching quizzes found
Score Distribution
Percent of People with Each Score
Percentile by Number Answered
Your Score History
You have not taken this quiz